Southville International School and Colleges
Your cart is empty.
  • Cart
  • Lists
    Public lists Eva Luna New books Lux_list list_1
    Your lists Log in to create your own lists
  • Log in to your account
  • Your cookies
  • Search history
Southville International School and Colleges
  • Advanced search
  • Recent comments
  • Most popular
  • Libraries

Log in to your account

Log in with GOOGLE


If you do not have an external account, but do have a local account, you can still log in:

  1. Home
  2. MARC view: Buried in ice /
Normal view MARC view ISBD view

Buried in ice / (Record no. 105293)

[ view plain ]
MARC details
000 -LEADER
fixed length control field 00732nam a2200193 a 4500
005 - DATE AND TIME OF LATEST TRANSACTION
control field 20140412111350.0
008 - FIXED-LENGTH DATA ELEMENTS--GENERAL INFORMATION
fixed length control field 050421s19uu xx 00 eng d
020 ## - INTERNATIONAL STANDARD BOOK NUMBER
International Standard Book Number 0-590-43849-2
050 ## - LIBRARY OF CONGRESS CALL NUMBER
Classification number M 919.804
Item number B35 1992
100 ## - MAIN ENTRY--PERSONAL NAME
Personal name Beattie, Owen
245 ## - TITLE STATEMENT
Title Buried in ice /
Statement of responsibility, etc by Owen Beattie and John Geiger with Shelley Tanaka.
260 ## - PUBLICATION, DISTRIBUTION, ETC. (IMPRINT)
Place of publication, distribution, etc New York :
Name of publisher, distributor, etc A Scholastic/Madison Press Book,
Date of publication, distribution, etc 1992.
300 ## - PHYSICAL DESCRIPTION
Extent 64 p. ; ill.
520 ## - SUMMARY, ETC.
Summary, etc Probes the tragic and mysterious fate of Sir John Franklin's failed expedition to find the Northwest Passage in 1845.
650 ## - SUBJECT ADDED ENTRY--TOPICAL TERM
Topical term or geographic name as entry element Northwest Passage
General subdivision Juvenile literature
650 ## - SUBJECT ADDED ENTRY--TOPICAL TERM
Topical term or geographic name as entry element Franklin, John, Sir 1786-1847
General subdivision Juvenile literature
650 ## - SUBJECT ADDED ENTRY--TOPICAL TERM
Topical term or geographic name as entry element Voyages and travels
Holdings
Withdrawn status Lost status Damaged status Home library Current library Shelving location Date acquired Source of acquisition Cost, normal purchase price Total Checkouts Full call number Barcode Date last seen Price effective from Koha item type
      Elizalde Library Elizalde Library Main Section 04/21/2005   35.00   M 919.804 B35 1992 E9833 04/12/2014 04/12/2014 Books

Buried in ice /

APA

Beattie O., . (1992). Buried in ice. New York: A Scholastic/Madison Press Book.

Chicago

Beattie Owen, . 1992. Buried in ice. New York: A Scholastic/Madison Press Book.

Harvard

Beattie O., . (1992). Buried in ice. New York: A Scholastic/Madison Press Book.

MLA

Beattie Owen, . Buried in ice. New York: A Scholastic/Madison Press Book. 1992.

  • Place hold
  • Print
  • Cite
  • Add to your cart (remove)
  • Save record
    BIBTEX Dublin Core MARCXML MARC (non-Unicode/MARC-8) MARC (Unicode/UTF-8) MARC (Unicode/UTF-8, Standard) MODS (XML) RIS
  • More searches
    Search for this title in:
    Other Libraries (WorldCat) Other Databases (Google Scholar) Online Stores (Bookfinder.com) Open Library (openlibrary.org)

Exporting to Dublin Core...

SOUTHVILLE LIBRARY

Southville International School and Colleges Library

1281 Tropical Ave. Cor. Luxembourg St., BF Homes International, Las Pinas City

Tel. No. 8256374 / 252358 Loc. 117/146

Powered by Koha